000 00552nam a2200181Ia 4500
008 090123s9999 xx 000 0 und d
082 _b29966
_a891.463/खांडे
100 _aखांडेकर वि.स.
245 _aदोन ध्रुव
250 _a11
260 _bदेशमुख आणि मंडळी
300 _a287
600 _aखांडेकर वि.स.
630 _aदोन ध्रुव
700 _aखांडेकर वि.स.
730 _aदोन ध्रुव
942 _cBOOK
999 _c68895
_d68895